Sports Quiz

Random Sports or NFL Quiz

Patriots 2018-2019 Roster Quiz Stats

Quiz not verified by Sporcle

Challenge
Share
Tweet
Embed
Score 0/84 Timer 10:00
0 Plays Today
Number Player Name % Correct
TRADEJason McCourty
100%
12Tom Brady
97.7%
2Brian Hoyer
93.3%
11Julian Edelman
90.5%
ROOKIEIsaiah Wynn
86.7%
ROOKIESony Michel
86.7%
87Rob Gronkowski
86.6%
6Ryan Allen
83.8%
3Stephen Gostkowski
82.4%
TRADETrent Brown
80%
28James White
79.7%
15Chris Hogan
79.4%
70Adam Butler
78.5%
54Dont'a Hightower
74.4%
32Devin McCourty
73.2%
18Matthew Slater
70.9%
23Patrick Chung
70.9%
83Dwayne Allen
69%
24Stephon Gilmore
68.8%
19Malcolm Mitchell
68.1%
26David Jones
66.7%
31Jonathan Jones
66.7%
ROOKIEDanny Etling
66.7%
TRADEDanny Shelton
66.7%
34Rex Burkhead
61.6%
FREE AGENTJeremy Hill
60%
FREE AGENTJordan Matthews
60%
41Cyrus Jones
59.7%
Number Player Name % Correct
98Trey Flowers
58.7%
60David Andrews
55.7%
38Brandon Bolden
55%
90Malcolm Brown
54%
30Duron Harmon
53.3%
ROOKIEBraxton Berrios
53.3%
FREE AGENTTroy Niklas
53.3%
TRADECordarrelle Patterson
53.3%
35Mike Gillislee
52.8%
61Marcus Cannon
51.5%
25Eric Rowe
49.9%
53Kyle Van Noy
49%
46James Develin
48.3%
FREE AGENTAdrian Clayborn
46.7%
69Shaq Mason
43.9%
43Nate Ebner
43.2%
62Joe Thuney
41.8%
52Elandon Roberts
40.4%
ROOKIEChristian Sam
40%
ROOKIEDuke Dawson
40%
91Deatrich Wise
38.4%
47Jacob Hollister
37.8%
81Cody Hollister
37.6%
37Jordan Richards
34.6%
99Vincent Valentine
34.4%
ROOKIEJa'Whaun Bentley
33.3%
ROOKIERyan Izzo
33.3%
FREE AGENTUlrick John
33.3%
Number Player Name % Correct
49Joe Cardona
32.3%
95Derek Rivers
30.4%
36Brandon King
28.6%
75Ted Karras
27.9%
68LaAdrian Waddle
27%
72Jason King
26.8%
55Eric Lee
26.7%
93Lawrence Guy
25.7%
82Will Tye
22.9%
63Antonio Garcia
22.6%
13Phillip Dorsett
22.4%
ROOKIEKeion Crossen
20%
48 Harvey Langi
18.2%
85Kenny Britt
13.4%
84Riley McCarron
13.3%
FREE AGENTLuke Bowanko
13.3%
FREE AGENTMatt Tobin
13.3%
27Ryan Lewis
11.8%
74Cole Croston
11.3%
59 Marquis Flowers
9.4%
42Keionta Davis
8.6%
96Geneo Grissom
8.5%
44Trevor Bates
7.9%
76Andrew Jelks
6.9%
50Nicolas Grigsby
6.7%
39Damarius Travis
5.2%
64James Ferentz
3%
22Jamal Wiltz
0%

You're not logged in!

Compare scores with friends on all Sporcle quizzes.
Join for Free
OR
Log In

You Might Also Like...

Show Comments

Extras

Top Quizzes Today


Score Distribution

Your Account Isn't Verified!

In order to create a playlist on Sporcle, you need to verify the email address you used during registration. Go to your Sporcle Settings to finish the process.

Report this User

Report this user for behavior that violates our Community Guidelines.

Details: